000 00561nam a2200205Ia 4500
003 GCL
008 140319s9999 xx 000 0 eng d
040 _aGCL /
_cGCL
082 0 4 _a770.28
_bC I
100 1 _aCOTTE, JACK H
245 1 0 _aILFORD MONOCHROME DARKROOM PRACTICE /
_cCOTTE, JACK H
260 _a[S.N] :
_bFOCAL PRESS ،
_c1996
300 _a333 P
650 0 4 _aPHOTOGRAPHY
650 0 4 _aPHOTOGRAPHY - PROCESSING
650 0 4 _aPHOTOGRAPHY - STUDIES
650 0 4 _aDARK ROOMS
650 0 4 _aPHOTOGRAPHY - STUDIOS AND DARK ROOMS
942 _2ddc
_cBK
999 _c14890
_d14890